000 00608nam a2200181Ia 4500
003 OSt
005 20250806143639.0
008 210210b1955 xxu||||| |||| 00| 0 eng d
040 _cAL
041 _akan
082 _a853/9
100 _aANANTA NARAYANA (S)
_9160446
_dಅನಂತ ನಾರಾಯಣ (ಎಸ್)
245 _aViparitakkante vivaha mattu tirugibidda turapu:
_bವಿಪರೀತಕ್ಕಂತೆ ವಿವಾಹ ಮತ್ತು ತಿರುಗಿಬಿದ್ದ ತುರಪು
260 _aMaisuru
_b-
_c1955
690 _aKannada Drama
_9160447
906 _a019281
942 _2ddc
_cBK
999 _c143402
_d143402